000 00223nam a22000857a 4500
008 170116b xxu||||| |||| 00| 0 eng d
100 _92431
_aSharan.S.
245 _aChemistry in Practical-12
260 _aNew Delhi
_bFull Mark
_c2011
999 _c5471
_d5471